000 00712nam a2200289Ia 4500
005 20260324144341.0
008 008 260324s9999 xx 000 0 eng d
020 _a9780203061640
037 _aEBOOK
040 _aCRL
040 _beng
040 _cCRL
041 _2eng
041 _aeng
084 _qCRL
100 _aEdmund V. K. Fitzgerald; Marc Wuyts
_91218996
245 0 _aMarkets within Planning
245 0 _bSocialist Economic Management in the Third World
260 _bTaylor and Francis
260 _c1988
365 _a
365 _b300
856 _uhttp://www.taylorfrancis.com/books/9780203061640
942 _cEBOOK
999 _c1825508
_d1825508